000 01147cam a22003497a 4500
003 CHAP
005 20220329134205.0
008 971013s1969 r 00010 d
010 _a16720
011 _a17692
035 _a21776
040 _cCHAP
090 _aFolleto 4983
100 0 0 _aJaime Fanlo, Fernando.
_960916
245 1 3 _aEl Chopo; práctica de su plantación y tratamiento
260 _aMadrid :
_bMinisterio de Agricultura,
_c1969
300 _a116 p.
_b: ilus
490 0 _aManuales técnicos E
_v; 42
590 _aBATCH-UPD
_b10
_c20130110
_lUCH01
_h0245
590 _aBATCH-UPD
_b10
_c20130110
_lUCH01
_h2039
590 _aBATCH-UPD
_b10
_c20130409
_lUCH01
_h2314
590 _aBATCH-UPD
_b10
_c20130410
_lUCH01
_h1354
590 _aBATCH-UPD
_b10
_c20130914
_lUCH01
_h0928
590 _aCONVERSION
_b10
_c20130109
_lUCH01
_h1310
650 1 4 _aChopo.
_922871
650 1 4 _aPlantación de árboles.
_988782
830 0 _aManuales técnicos E
_v; 42
_970699
901 _aBK
942 _cFOLL
949 _aFolleto 4983
_bBC
_cFOLL
_d-50698
_eTS1
_i21776
_si
_t50.00
949 _aFolleto 4983
_bBC
_cFOLL
_d-50699
_eTS2
_fc.2
_i21776
_si
_t50.00
999 _c16720
_d16720